How to be a property developer

Bibliographic Details
Main Author: Bailey, Alan
Format: Book
Published: London : Mercury Books , 1988
Edition:2nd ed.
Subjects:

MARC

LEADER 00000cam a2200000 7i4500
001 0000003701
005 20031224.0
020 |a 185251115X 
040 |a INS 
090 0 0 |a HD1390   |b B34 1988 
100 1 |a Bailey, Alan 
245 1 0 |a How to be a property developer   |c by Alan Bailey 
250 |a 2nd ed. 
260 |a London :   |b Mercury Books ,   |c 1988 
300 |a 184p. ;   |c 22cm. 
650 0 0 |a Property developer 
650 0 0 |a Real estate business 
999 |a 0000005138   |b BOOK   |c Open Shelf   |e Default branch